| 000 | 00654nam a2200205Ia 4500 | ||
|---|---|---|---|
| 003 | GCL | ||
| 008 | 140319s9999 xx 000 0 ara d | ||
| 040 |
_aGCL / _cGCL |
||
| 082 | 0 | 4 |
_a330.1 _bك م |
| 100 | 1 | _aدانيال رزق | |
| 245 | 1 | 0 |
_aماذا يعرف الاقتصاديون عن التسعينات وما بعدها / _cدانيال رزق |
| 700 | 1 | _aكارسون، روبرت | |
| 700 | 1 | _aاحمد سعيد دويدار | |
| 260 |
_a[S.N] : _bالدار الدولية للنشر والتوزيع |
||
| 300 | _a335 ص | ||
| 490 | _a | ||
| 650 | 0 | 4 | _aالاقتصاد |
| 650 | 0 | 4 | _aالاقتصاد العالمى |
| 942 |
_2ddc _cBK |
||
| 999 |
_c44234 _d44234 |
||